LDR 00962naa#a2200181#i#450# 001 RU\INFRA-M\bibl\94745 005 20260428075504.2 011 ## _a2306-627X 100 ## _a20250327b2025####ek#y0rusy0150####ca 102 ## _aRU 200 1# _aКорпоративное управление в глобальном контексте: сравнительный анализ моделей и специфика российской практики _eЖурнальная статья 210 1# _aМосква _cОбщество с ограниченной ответственностью «Научно-издательский центр ИНФРА-М» _d2025 215 ## _a6 с. 608 ## _aЖурнальная статья _2local 675 ## _aТеория управления экономикой. 338.24.01 _aЭкономика. Экономические науки. 33 _z 700 #1 _aНекрасов _gИ. А. 700 #1 _aМасалитин _gА. А. 856 4# _azh-szf.ru _u